书目信息 |
| 题名: |
间谍与战争
|
|
| 作者: | 于彦周 编著 | |
| 分册: | ||
| 出版信息: | 北京 时事出版社 2005 |
|
| 页数: | 362页 | |
| 开本: | 21cm | |
| 丛书名: | ||
| 单 册: | ||
| 中图分类: | E291 | |
| 科图分类: | ||
| 主题词: | 间谍--情报活动--军事史--中国--古代 | |
| 电子资源: | ||
| ISBN: | 7-80009-906-7 | |
| 000 | 00928nam0 2200253 450 | |
| 000 | 01033nam0 2200265 45 | |
| 001 | TS2006044366 | |
| 005 | 20061220101022.34 | |
| 010 | @a7-80009-906-7@dCNY23.80 | |
| 100 | @a20060829d2005 em y0chiy0120 ea | |
| 101 | 0 | @achi |
| 102 | @aCN@b110000 | |
| 105 | @ay a 000yy | |
| 200 | 1 | @a间谍与战争@AJian Die Yu Zhan Zheng@e中国古代军事间谍简史@EZhong Guo Gu Dai Jun Shi Jian Die Jian Shi@f于彦周编著@FYu Yan Zhou Bian Zhu |
| 210 | @a北京@c时事出版社@d2005 | |
| 215 | @a362页@d21cm | |
| 320 | @a有书目 (第357-362页) | |
| 330 | @a本书依托中国古代战争历史平台,沿循其发展脉络,追溯中国古代间谍活动史,凸显“知”与“战”之密切关系。 | |
| 517 | 1 | @a中国古代军事间谍简史@AZhong Guo Gu Dai Jun Shi Jian Die Jian Shi |
| 606 | 0 | @a间谍@x情报活动@x军事史@y中国@z古代 |
| 690 | @aE291@v4 | |
| 701 | 0 | @a于彦周@AYu Yan Zhou@4编著 |
| 801 | 0 | @aCN@b中图数据@c20061220 |
| 905 | @a10447@dE291@e59 | |
| 间谍与战争:中国古代军事间谍简史/于彦周编著.-北京:时事出版社,2005 |
| 362页;21cm |
| ISBN 7-80009-906-7:CNY23.80 |
| 本书依托中国古代战争历史平台,沿循其发展脉络,追溯中国古代间谍活动史,凸显“知”与“战”之密切关系。 |
| ● |
| 相关链接 |
|
|
|
|
正题名:间谍与战争
索取号:E291/59
 
预约/预借
| 序号 | 登录号 | 条形码 | 馆藏地/架位号 | 状态 | 备注 |
| 1 | 0617988 | 206179883 | 第一样本阅览室/ [索取号:E291/59] | 在馆 | |
| 2 | 0617989 | 206179892 | 第一借阅区/ [索取号:E291/59] | 在馆 | |
| 3 | 0617990 | 206179909 | 第一借阅区/ [索取号:E291/59] | 在馆 |